000
00296nam a22001217a 4500
008
181221b xxu||||| |||| 00| 0 eng d
041
_a
eng
080
_a
941
100
_a
17
101
_a
HIS
245
_a
Problems in European Civilization. The Thirty Year's War
_c
Heath, D.C
942
_2
udc
_c
BK
999
_c
53608
_d
53608